Gaming Quiz

Random Gaming Quiz

Blackberry brickbreaker capsules Quiz Stats

 Plays Quiz not verified by Sporcle

Support Sporcle.
Go Orange.
Score 0/10 Timer 01:00
0 Plays Today
% Correct
laser
97.4%
gun
89.7%
long
84.6%
life
84.6%
multi
82.1%
catch
74.4%
flip
71.8%
wrap
69.2%
slow
64.1%
bomb
61.5%

You're not logged in!

Compare scores with friends on all Sporcle quizzes.
OR
Log In

From the Vault

Countries That Have It Going 'ON'

by sproutcm

These countries just go on and on and on...
Remove Ads.
Support Sporcle.
Get the best of Sporcle when you Go Orange. This ad-free experience offers more features, more stats, and more fun while also helping to support Sporcle. Thank you for becoming a member.

Show Comments

Extras

Top Quizzes Today


Score Distribution

Your Account Isn't Verified!

In order to create a playlist on Sporcle, you need to verify the email address you used during registration. Go to your Sporcle Settings to finish the process.

Report this User

Report this user for behavior that violates our Community Guidelines.

Details: